000 00915nas a2200253 454500
001 41837
005 20260407193511.0
008 260407s1964####ag###########|||spa#d
003 AR-UNSa-BCEJYS
040 _aAR-UNSa-BCEJYS
_bspa
_cAR-UNSa-BCEJYS
080 _a35
_xAdministración Pública
245 1 0 _aRevista de administración pública
022 _a0034-7620
264 1 _aPuerto Rico :
_bUniversidad de Puerto Rico. Escuela Graduada de Administración Pública
_c1964
310 _aFrecuencia: Anual
041 _aspa
942 _cSER
590 _aniveau_biblio:s niveau_hierar:1
100 1 _aUniversidad de Puerto Rico. Colegio de Ciencias Sociales. Escuela Graduada de Administración Pública
650 _aAdministración
650 _aADMINISTRACION PUBLICA
650 _aCiencia política
856 4 1 _uhttps://biblioeco.unsa.edu.ar/pmb/images/revistas/R20734.jpg
_yImagen de portada
_qimage/jpeg
999 _c8889
_d8889